000 01093ny a22002533n 4500
005 20240305165319.0
008 080520s2001 sp 000 0 cat d
035 _a2595
040 _aBUDC ..T049:
_asvg
_dvLex
090 _c628
_d628
100 1 _aCasado Casado, Lucía
245 1 0 _aMedi ambient i ens locals
_h[Recurso electrónico]
_cLucia Casado i Casado, Josep Ramón Fuentes i Gasó
256 _aServicio en línea
260 _aBarcelona :
_bCedecs,
_c2001
300 _a p. ;
_ccm
506 1 _aContenido solo disponible en los productos indicados
_dvLex Global
_dvLex Global (Academic Edition, excluding Law Schools)
_dvLex Global (U.S. Academic Edition, Law Schools)
_dvLex Global (U.S. Academic Edition, excluding Law Schools)
_dvLex Global (Academic Edition, Law Schools)
650 0 7 _aAmbiental
_2Tesauro vLex
650 0 7 _aDerecho medioambiental
_2Tesauro vLex
650 0 7 _aMedio ambiente
_2Tesauro vLex
700 1 _aFuentes i Gasó, Josep Ramón,
_ecoaut.
740 0 _avLex Libros (Servicios en línea)
856 4 0 _uhttps://app.vlex.com/#/sources/2595
942 _cRAA
999 _c159149
_d159149